000 00533nam a2200193Ia 4500
005 20250326144932.0
008 250326s9999 xx 000 0 und d
020 _a0-07-290333-3
037 _aTextbook
040 _aFMSL
_beng
_cFMSL
041 _aeng
_2eng
084 _aX:8D P1
_qFMSL
100 _aPenman S H
_9747725
245 0 _aFicial statement analysis and security valuation
_cPenman S H
260 _aNY
_bNY, McGraw-Hill
_c2001
300 _axxi,770
942 _cTB
_hX:8D P1
999 _c1305695
_d1305695